The Beauregard, or, Fort Sumter polka march, op. 1 /

Bibliographic Details
Main Author: C., Victoria
Format: Microform Musical Score Book
Published: New Orleans : J. Manouvrier & Co., [1861]
Series:Confederate imprints, 1861-1865 ; reel 108, no. 3318.
Subjects:

MARC

Tag First Indicator Second Indicator Subfields
LEADER 00000ccm a2200000 a 4500
001 in00001199321
005 20151002063850.0
007 hd afv---baca
008 910211s1861 laumra a n N/A d
035 |a (OCoLC)23084874 
035 |9 AGJ8371AM 
040 |a FEI  |c FEI  |d UtOrBLW 
043 |a n-usu--  |a n-us--- 
045 0 |b d1861 
048 |a ka01 
049 |a TXAI 
090 |a E487  |b .C66 1974 reel 108 no. 3318 
099 |a Film   |a  B 1664  |a reel 108, no. 3318. 
100 1 |a C., Victoria. 
245 1 4 |a The Beauregard, or, Fort Sumter polka march, op. 1 /  |c composed by Victoria C. 
264 1 |a New Orleans :  |b J. Manouvrier & Co.,  |c [1861] 
264 3 |a [New Orleans] :  |b Wehrmann 
264 4 |c ©1861 
300 |a 5 pages of music ;  |c 34 cm. 
336 |a notated music  |b ntm  |2 rdacontent 
337 |a microform  |b h  |2 rdamedia 
338 |a microfilm reel  |b hd  |2 rdacarrier 
500 |a For piano. 
500 |a Caption title. 
500 |a Filmed from the holdings of the Boston Athenaeum. 
533 |a Microfilm.  |b New Haven, Conn. :  |c Research Publications,  |d [1974].  |e On reel 108 of 143 microfilm reels ; 35 mm.  |f (Confederate imprints, 1861-1865 ; reel 108, no. 3318). 
539 |a s  |b 1974  |d ctu  |e n 
500 |a Microform. 
650 0 |a Marches (Piano) 
600 1 0 |a Beauregard, G. T.  |q (Gustave Toutant),  |d 1818-1893  |x Songs and music. 
651 0 |a Confederate States of America  |x Songs and music. 
651 0 |a United States  |x History  |y Civil War, 1861-1865  |v Songs and music. 
740 0 |a Beauregard. 
740 0 |a Fort Sumter polka march. 
830 0 |a Confederate imprints, 1861-1865 ;  |v reel 108, no. 3318. 
999 |a MARS 
999 f f |s 06161ac8-b0f9-308b-9980-03e71d10d407  |i 93240ab6-5eee-3298-b94c-58a732c794ea  |t 0 
952 f f |p default  |a Texas A&M University  |b College Station  |c Sterling C. Evans Library  |d Evans: Microforms (3rd floor)  |t 0  |e Film B 1664 reel 108, no. 3318.  |h Other scheme  |i microform -- microfilm reel 
998 f f |a Film B 1664 reel 108, no. 3318.  |t 0  |l Evans: Microforms (3rd floor)